Catálogo

COMO ADQUIRIR UNA SUPERMEMORIA (Registro nro. 18649)

Detalles MARC
000 -LEADER
fixed length control field 00488nam a2200193 a 4500
001 - CONTROL NUMBER
control field 18649
005 - DATE AND TIME OF LATEST TRANSACTION
control field 20180713211957.0
008 - FIXED-LENGTH DATA ELEMENTS--GENERAL INFORMATION
fixed length control field 140415s1976 000 0 spa d
020 ## - INTERNATIONAL STANDARD BOOK NUMBER
International Standard Book Number 9681000153
041 ## - LANGUAGE CODE
Language code of text/sound track or separate title spa
082 ## - DEWEY DECIMAL CLASSIFICATION NUMBER
Classification number 153.12
Item number LOR
100 1# - MAIN ENTRY--PERSONAL NAME
Personal name LORAYNE, HARRY
245 10 - TITLE STATEMENT
Title COMO ADQUIRIR UNA SUPERMEMORIA
250 ## - EDITION STATEMENT
Edition statement 2a ed.
260 ## - PUBLICATION, DISTRIBUTION, ETC.
Place of publication, distribution, etc. [s.l.] :
Name of publisher, distributor, etc. BRUGUERA,
Date of publication, distribution, etc. 1976
300 ## - PHYSICAL DESCRIPTION
Extent 333
650 14 - SUBJECT ADDED ENTRY--TOPICAL TERM
Topical term or geographic name entry element MEMORIA
General subdivision DESARROLLO
700 1# - ADDED ENTRY--PERSONAL NAME
Personal name PORTA, BALDOMERO
Relator term tr.
Existencias
Withdrawn status Lost status Source of classification or shelving scheme Damaged status Not for loan Collection code Home library Current library Shelving location Date acquired Source of acquisition Inventory number Total Checkouts Full call number Barcode Date last seen Date last checked out Price effective from Koha item type
    Dewey Decimal Classification     General Biblioteca Karol Wojtyla Biblioteca Karol Wojtyla Sala general 03/12/2013 Compra 151000000000000000061612 2 153.12 LOR 37985 05/01/2026 26/11/2019 03/12/2013 Libro